LOTR: Actors Quiz Stats

 Plays Quiz Updated Oct 17, 2018

     
Support Sporcle.
Go Orange.
Score 0/22 Timer 07:00
10 Plays Today
Character Actor % Correct
Frodo BagginsElijah Wood
92.2%
LegolasOrlando Bloom
90.1%
ArwenLiv Tyler
81.4%
AragornViggo Mortensen
81.2%
GandalfIan McKellen
76.4%
BoromirSean Bean
72.9%
Samwise 'Sam' GamgeeSean Astin
69.9%
SarumanChristopher Lee
66.1%
GaladrielCate Blanchett
63.9%
GollumAndy Serkis
61.3%
ElrondHugo Weaving
54.8%
Character Actor % Correct
GimliJohn Rhys-Davies
49.2%
Meriadoc 'Merry' BrandybuckDominic Monaghan
49%
Peregrin 'Pippin' TookBilly Boyd
48.9%
Bilbo BagginsIan Holm
45.3%
EomerKarl Urban
32.6%
EowynMiranda Otto
32.3%
TheodenBernard Hill
24.5%
FaramirDavid Wenham
22.9%
Grima WormtongueBrad Dourif
17.1%
CelebornMarton Csokas
10.2%
SauronSala Baker
9.7%

From the Vault

Pink Jigsaw Sudoku: Easy

by Pushcake

As if Sudoku needed more than just numbers.
Remove Ads.
Support Sporcle.
Get the best of Sporcle when you Go Orange. This ad-free experience offers more features, more stats, and more fun while also helping to support Sporcle. Thank you for becoming a member.

Show Comments

Extras

Top Quizzes Today


Score Distribution

Your Account Isn't Verified!

In order to create a playlist on Sporcle, you need to verify the email address you used during registration. Go to your Sporcle Settings to finish the process.

Report this User

Report this user for behavior that violates our Community Guidelines.

Details: